01539nam a2200253 a 4500001001000000005001700010008004100027041000800068044000700076084002000083100004500103245008500148260003200233300005200265500023900317500009600556500032400652500007200976650005201048650005601100650003401156650004501190740005001235BRCA_256920190320203853.0271108s1875----sp-a---###---#000-0#spa-u aspa asp a170b.M87c18751 aCervantes Saavedra, Miguel ded1547-161610aEl Ingenioso Hidalgo Don Quijote de la Manchacpor Miguel de Cervantes Saavedra. aMadridbJ. A. Muñozc1875 a2 v.bil.c32 cm.e1 mapa y láminas plegables aContenido : v 1. Primera parte. Advertencia del editor. Dedicatoria del autor. Prólogo del autor. Versos preliminares. Texto. -- v 2. Segunda parte. Dedicatoria del autor. Prólogo del autor. Mapa de los viajes de D. Quijote. Texto aEdición : Ilustrada con un mapa y magníficos grabados. Nueva publicación de gran lujo aEdición bien impresa con letra clara, pero en papel malo, a pesar de titularla el editor de gran lujo. Precédele una mediocre Vida de Cervantes, y la adornan varias láminas que tampoco merecen el calificativo de magníficas. Son obra de Manzano, Barneto, Padró y Narváez. Ejemplar maltratado Lúdovik Osterc aEstado físico : Presenta páginas desprendidas, papel quebradizo14aNovela españolayÉpoca clásica, 1500-170014aLiteratura españolayÉpoca clásica, 1500-170014aNovela españolaySiglo XVII14aDon Quijote (Personaje ficticio)eNovela0 aEl Ingenioso Hidalgo Don Quijote de la Mancha